Statistics for Top 15 most spoken languages in Europe

Click here to take the quiz!

General Stats

  • This quiz has been taken 171 times
  • The average score is 12 of 15

Answer Stats

Native SpeakersLanguage% Correct
60,000,000English
99%
66,000,000French
99%
97,000,000German
98%
65,000,000Italian
95%
38,500,000Polish
95%
106,000,000Russian
95%
38,000,000Spanish (Castilian)
95%
11,000,000Greek
87%
24,000,000Romanian
86%
32,600,000Ukrainian
84%
22,000,000Dutch
82%
12,000,000Turkish
73%
13,000,000Hungarian
71%
10,600,000Czech
69%
14,000,000Austro-Bavarian
3%

Score Distribution

Percentile by Number Answered

Percent of People with Each Score

Your Score History

You have not taken this quiz